000 00541nam a2200193Ia 4500
003 GCL
008 140319s9999 xx 000 0 ara d
040 _aGCL /
_cGCL
082 0 4 _a415.1
_bش م
100 1 _aشوقى النجار
245 1 0 _aمشكلة الأعداد /
_cشوقى النجار
260 _a[S.N] :
_bالهيئة المصرية العامة للكتاب ،
_c1985
300 _a120 ص
490 _a
650 0 4 _aالنحو
650 0 4 _aاللغة العربية
650 0 4 _aالاعداد
942 _2ddc
_cBK
999 _c28120
_d28120